000 01242nam a2200289Ia 4500
005 20220317000358.0
008 141031s2010 ck sp a0 sga d s sp spa
020 _a9788467033625
100 1 _aCervantes Saavedra, Miguel de,
_d1547-1616
245 1 0 _aNovelas ejemplares
_cMiguel de Cervantes Saavedra ; ilustraciones interiores de William Peña Vega y José Miguel Delgado ; dirección editorial Alberto Ramírez Santos
250 _aPrimera edicion
264 1 _aBarcelona
_bAustral
_c2010
300 _a130 páginas
_bilustraciones
_c20 cm.
336 _atexto
_btxt
_2rdacontent
337 _asin mediación
_bn
_2rdamedia
338 _avolumen
_bnc
_2rdacarrier
500 _aPrimera en esta presentacion: diciembre de 2010
505 _aLa gitanilla -- El amante liberal -- Rinconete y cortadillo -- La española inglesa -- El licenciado Vidriera -- La fuerza de la sangre
650 1 4 _2LEMB
_aCuentos españoles
_ySiglo XX
650 1 4 _2LEMB
_aLiteratura española
_ySiglo XX
700 1 _aRamírez Santos, Alberto
_eedición
_92976
700 1 _aPeña Vega, William
_eilustrador
_9104007
700 1 _aDelgado, José Miguel
_eilustrador
_9104008
942 _2loc
_cBKLIT
040 _aCO-BoRNBP
_bspa
_erda
_cCO-BoRNBP
084 _aC CER3
999 _c3878
_d3878